000 00758nam a2200205Ia 4500
001 4987
003 GE_BSU
008 181216s||||||||xx |||||||||||||| ||und||
040 _cGE_BSU
080 _a621.75
100 _aКарташов,И.Н.
245 _aОрганизация перехода на новые модели машин без прекращения выпуска.
245 _cРед. Ю.Л.Котляров.
260 _aЛьвов.
260 _bИзд-во Львовского ун-та.
260 _c1965.
300 _a240стр.22см.Библиогр.:стр.237-238.
653 _aОрганизация перехода на новые модели машин без прекращения выпуска.
942 _cBK
999 _c38711
_d38711